Organization and Management / (Record no. 94157)

MARC details
000 -LEADER
fixed length control field 00563nam a22002057a 4500
003 - CONTROL NUMBER IDENTIFIER
control field OSt
005 - DATE AND TIME OF LATEST TRANSACTION
control field 20260514132532.0
008 - FIXED-LENGTH DATA ELEMENTS--GENERAL INFORMATION
fixed length control field 260514b |||||||| |||| 00| 0 eng d
040 ## - CATALOGING SOURCE
Transcribing agency HS LRC
050 ## - LIBRARY OF CONGRESS CALL NUMBER
Classification number HD 31.2
Item number .Z36 2023
100 ## - MAIN ENTRY--PERSONAL NAME
Personal name Zarate, Cynthia A.
9 (RLIN) 45286
245 ## - TITLE STATEMENT
Title Organization and Management /
Statement of responsibility, etc. Cynthia A. Zarate
250 ## - EDITION STATEMENT
Edition statement 2nd ed.
260 ## - PUBLICATION, DISTRIBUTION, ETC. (IMPRINT)
Place of publication, distribution, etc. Quezon City :
Name of publisher, distributor, etc. C&E Publishing,
Date of publication, distribution, etc. c2023.
300 ## - PHYSICAL DESCRIPTION
Extent vii, 366 p. :
Other physical details ill. ;
Dimensions 27 cm.
365 ## - TRADE PRICE
Price amount 535.00
504 ## - BIBLIOGRAPHY, ETC. NOTE
Bibliography, etc includes index.
650 ## - SUBJECT ADDED ENTRY--TOPICAL TERM
Topical term or geographic name as entry element Organization.
9 (RLIN) 21245
942 ## - ADDED ENTRY ELEMENTS (KOHA)
Source of classification or shelving scheme Library of Congress Classification
Koha item type Books
Holdings
Withdrawn status Lost status Source of classification or shelving scheme Damaged status Not for loan Collection code Home library Current library Shelving location Date acquired Source of acquisition Cost, normal purchase price Inventory number Total Checkouts Full call number Barcode Date last seen Copy number Cost, replacement price Price effective from Koha item type
    Library of Congress Classification     Faculty Reference Collection DLSU-D HS Learning Resource Center DLSU-D HS Learning Resource Center Faculty Collection 06/24/2025 HS LRC SY 2024-2025 535.00 CIR-002603   FC HD 31.2 .Z36 2023 3HS00000002603 05/14/2026 002603 535.00 05/14/2026 Books